000 01202nam a2200217Ia 4500
999 _c39602
_d39602
001 6202
003 GE_BSU
005 20190701160131.0
008 181216s1978|||| |||||||||||||| ||geo||
041 _ageo
080 _a621.753.4 დ-32
100 _aდემეტრაშვილი, გ.
_93129
245 _aსამარჯვების დაგეგმარების საფუძვლები :
_bდამხმ. სახელმძღვ. (მანქანათმშენებლობის ტექნოლოგიის,ლითონსაჭრელი ჩარხებისა და იარაღების სპეციალობებისათვის) /
_cგ. დემეტრაშვილი ; რედ : ე.კირვალიძე.
264 _aთბილისი :
_bსპი,
_c1978.
300 _a149 გვ. :
_bილ ;
_c20 სმ.
504 _aბიბლიოგრ.:გვ.145
653 _aსამარჯვების დაგეგმარება
653 _aტექნიკა
700 _aკირვალიძე, ე
_eრედაქტორი
_93130
942 _cBK
_2udc